Largest US Cities, Multiple Counties Quiz Stats

 Plays Quiz not verified by Sporcle

Challenge
Share
Tweet
Embed
Score 0/48 Timer 05:00
0 Plays Today
Population City % Correct
8,175,133New York, NY
98.6%
2,100,263Houston, TX
98.6%
2,695,598Chicago, IL
97.1%
1,197,816Dallas, TX
97.1%
594,833Milwaukee, WI
95.7%
1,327,407San Antonio, TX
88.6%
741,206Fort Worth, TX
88.6%
790,390Austin, TX
85.7%
583,766Portland, OR
84.3%
579,999Oklahoma City, OK
84.3%
420,003Atlanta, GA
82.9%
403,892Raleigh, NC
82.9%
391,906Tulsa, OK
78.6%
228,330Durham, NC
77.1%
787,033Columbus, OH
70%
459,787Kansas City, MO
65.7%
173,514Jackson, MS
58.6%
259,841Plano, TX
55.7%
325,078Aurora, CO
54.3%
197,899Aurora, IL
54.3%
305,215Corpus Christi, TX
48.6%
226,876Garland, TX
42.9%
203,433Des Moines, IA
41.4%
212,237Birmingham, AL
38.6%
Population City % Correct
199,311Shreveport, LA
35.7%
159,498Springfield, MO
35.7%
141,853Naperville, IL
34.3%
190,695Amarillo, TX
32.9%
129,272Columbia, SC
32.9%
175,396Grand Prairie, TX
31.4%
154,065Peoria, AZ
31.4%
120,083Charleston, SC
31.4%
147,433Joliet, IL
30%
139,824Mesquite, TX
30%
180,105Huntsville, AL
28.6%
153,888Sioux Falls, SD
27.1%
116,989Frisco, TX
27.1%
135,234Cary, NC
25.7%
111,147Midland, TX
25.7%
108,188Elgin, IL
24.3%
154,637Salem, OR
21.4%
119,097Carrollton, TX
21.4%
104,371High Point, NC
21.4%
118,772Thornton, CO
20%
117,063Abilene, TX
20%
106,433Arvada, CO
18.6%
106,114Westminster, CO
18.6%
114,297Lansing, MI
14.3%

You're not logged in!

Compare scores with friends on all Sporcle quizzes.
Join for Free
OR
Log In

You Might Also Like...

Show Comments

Extras

Created May 24, 2015ReportNominate
Tags:US Cities, US Counties

Top Quizzes Today


Score Distribution

Your Account Isn't Verified!

In order to create a playlist on Sporcle, you need to verify the email address you used during registration. Go to your Sporcle Settings to finish the process.

Report this User

Report this user for behavior that violates our Community Guidelines.

Details: